Energia a jej postavenie v hospodárstve Slovenska
Postavenie energie v ekonomike Slovenskej republiky. Vývoj HDP a energetickej náročnosti v SR v rokoch 1993-2004. Štruktúra energetického trhu Slovenskej republiky. Preprava a predaj zemného plynu. Jadrová energia. Energetická politika Slovenskej republiky.
Guardado en:
| Autor principal: | |
|---|---|
| Formato: | Capítulo de libro |
| Lenguaje: | eslovaco |
| Materias: | |
| Etiquetas: |
Sin Etiquetas, Sea el primero en etiquetar este registro!
|
MARC
| LEADER | 00000naa$a2200000$$$4500 | ||
|---|---|---|---|
| 001 | 0069119 | ||
| 005 | 20240502071832.8 | ||
| 041 | 0 | |a slo | |
| 044 | |a SK | ||
| 245 | 1 | 0 | |a Energia a jej postavenie v hospodárstve Slovenska |c Peter Baláž |
| 520 | |a Postavenie energie v ekonomike Slovenskej republiky. Vývoj HDP a energetickej náročnosti v SR v rokoch 1993-2004. Štruktúra energetického trhu Slovenskej republiky. Preprava a predaj zemného plynu. Jadrová energia. Energetická politika Slovenskej republiky. | ||
| 610 | 2 | 0 | |a Slovensko |
| 610 | 2 | 0 | |a energia |
| 610 | 2 | 0 | |a hospodárstvo energetické |
| 610 | 2 | 0 | |a náročnosť výroby energetická |
| 610 | 2 | 0 | |a plyn zemný |
| 610 | 2 | 0 | |a trh energetický |
| 610 | 2 | 0 | |a ropovody |
| 610 | 2 | 0 | |a obchod |
| 610 | 2 | 0 | |a spotreba energie |
| 100 | 1 | |a Baláž, Peter | |